Coupe du Monde de Football: Le premier adversaire de... - Statistiques

Statistiques générales
  • Ce quiz a été pris 14 fois
  • Le résultat moyen est 3 sur 15
Statistiques - réponses
Hint Réponse % Correct
Suède Argentine
43%
Nigeria Bulgarie
29%
Argentine France
29%
France Mexique
29%
Espagne Brésil
21%
Angleterre Chili
21%
Croatie Jamaïque
21%
URSS Angleterre
14%
Allemagne Belgique
14%
Corée du Sud Hongrie
14%
Pays-Bas Suisse
14%
Brésil Yougoslavie
14%
Hongrie Egypte
7%
Italie Etats-Unis
7%
Uruguay Pérou
7%
Aucun quiz correspondant
Distribution des résultats
% des personnes avec chaque résultat
Percentile par nombre de réponses
Votre historique - résultats
Vous n’avez pas pris ce quiz